[Event "Bhopal op"]
[Site "Bhopal"]
[Date "2017.12.27"]
[Round "9"]
[White "Gukesh, Dommaraju"]
[Black "Atalik, Suat"]
[Result "1/2-1/2"]
[WhiteElo "2362"]
[BlackElo "2545"]
[Annotator "Atalik,S"]
[PlyCount "46"]
[EventDate "2017.12.21"]
[EventType "swiss"]
[EventRounds "10"]
[EventCountry "IND"]
[SourceTitle "CBM 183"]
[Source "ChessBase"]
[SourceDate "2018.03.14"]
[SourceVersion "1"]
[SourceVersionDate "2018.03.14"]
[SourceQuality "1"]

1. Nf3 Nf6 2. g3 b6 3. Bg2 Bb7 4. c4 c5 5. O-O e6 6. Nc3 Be7 7. Re1 (7. d4 cxd4
8. Qxd4 O-O 9. Rd1 d6 (9... Qc8 $5 10. Bf4) 10. Bg5 Nc6 11. Qf4 Qb8 {is a new
development in the Hedgehog.}) 7... d5 8. cxd5 Nxd5 9. e4 (9. d4 Nxc3 (9...
cxd4 10. Qa4+ (10. Nxd5 Qxd5 11. Qxd4 O-O 12. Bg5 $14) 10... Nd7 (10... Qd7 11.
Qxd7+ Nxd7 12. Nxd4 N7f6 $14) 11. Nxd5 Bxd5 12. Nxd4 Bxg2 13. Kxg2 O-O 14. Nc6
Nc5 $14) 10. bxc3 Be4 $1 11. Ne5 Bxg2 12. Kxg2 O-O 13. e4 Bf6 $14 {is after
all my invention which I defended with against Alex (Yermolinsky) in San
Francisco 2005.}) 9... Nb4 10. d4 cxd4 11. Nxd4 N8c6 12. Nxc6 Qxd1 $1 {Another
exact move.} (12... Bxc6 13. Qe2 $1 $16 (13. Qg4 h5 14. Qe2 Qd3)) 13. Rxd1 Bxc6
14. a3 (14. Bf4 g5 15. Bd6 Bxd6 16. Rxd6 Ke7 17. e5 Bxg2 18. Kxg2 Rhd8 19. Rad1
Rac8 20. Kh3 h6 21. Kg4 Nc6 $11) 14... Nc2 15. Ra2 Rd8 16. Rxd8+ Bxd8 (16...
Kxd8 17. b4) 17. b4 Ne1 $1 {Black should not be afraid of his knight being
trapped behind ennemy lines.} 18. Bh1 (18. Bf1 Nf3+ (18... Bf6 19. Bb5 Kd7 20.
Bd2 Nf3+ 21. Kg2 Nd4 22. Bxc6+ Kxc6 $11) 19. Kg2 (19. Kh1 Bf6) 19... Ne1+ 20.
Kh1 $11) 18... Nd3 $6 {I had partially forgotten my preparation or rather I
did not fully rely on it.} (18... Bf6 19. Bd2 ({The seemingly dangerous} 19. e5
$6 Bxh1 20. exf6 Bc6 21. fxg7 Nf3+ (21... Rg8 22. Bh6 Nf3+) 22. Kg2 Rg8 23. Bh6
Ne5+ 24. Kh3 f6 $15 {leads to a precarious position for White.}) 19... Nd3 20.
f4 Bd4+ 21. Kf1 Bxc3 22. Bxc3 O-O 23. Bd2 (23. Rd2 Bb5) 23... Bb5 $15) 19. Be3
(19. Bd2 Bf6) 19... Bf6 20. Rc2 (20. f4 Bxc3 21. Rc2 Bxb4 $1 22. axb4 Kd7 23.
Ra2 $11) 20... Ne1 {Black can not escape the repetition.} (20... Ne5 $2 21. Ne2
Kd7 22. f4 Ng4 23. Bc1 e5 24. h3 Nh6 25. g4) 21. Rc1 Nd3 22. Rc2 (22. Rd1 Nb2)
22... Ne1 23. Rc1 Nd3 1/2-1/2

[Event "SLO-chT 09th"]
[Site "Bled"]
[Date "1999.11.09"]
[Round "2"]
[White "Dizdar, Goran"]
[Black "Atalik, Suat"]
[Result "1/2-1/2"]
[WhiteElo "2549"]
[BlackElo "2598"]
[Annotator "Atalik,S"]
[PlyCount "34"]
[EventDate "1999.11.08"]
[EventType "team-tourn"]
[EventRounds "7"]
[EventCountry "SLO"]
[SourceTitle "EXT 2000"]
[Source "ChessBase"]
[SourceDate "1999.11.16"]
[SourceVersion "1"]
[SourceVersionDate "1999.11.16"]
[SourceQuality "1"]
[WhiteTeam "Krsko Triglav"]
[BlackTeam "Tolmin AET"]
[WhiteTeamCountry "SLO"]
[BlackTeamCountry "SLO"]

1. Nf3 Nf6 2. g3 g6 3. b3 Bg7 4. Bb2 O-O 5. Bg2 c5 6. c4 Nc6 7. O-O Qa5 $1 {
I have thought that was a novelty but the move had actually its first
appearance in Strikovich-Fernandes Algarve 1998.} 8. e3 (8. Nc3 Ne4 (8... d6 $5
9. Nd5 Nxd5 10. Bxg7 Kxg7 11. cxd5 Nb4 12. e4 Bd7 13. d4 Rac8 $132) 9. Na4 Bxb2
10. Nxb2 d6) 8... d6 $146 (8... Rd8 {was played in the above mentioned game.})
9. Nc3 (9. d4 cxd4 10. exd4 (10. Nxd4 Bg4 11. f3 Bd7) 10... d5 $13) 9... Ne4
10. Na4 Bxb2 11. Nxb2 Bg4 12. d3 Ng5 13. h4 Nxf3+ 14. Bxf3 Bxf3 15. Qxf3 Qc3
16. Rab1 Kg7 17. Rfc1 Qf6 $11 1/2-1/2

[Event "Veliko Gradiste Silver Lake op"]
[Site "Veliko Gradiste"]
[Date "2016.06.22"]
[Round "5"]
[White "Lajthajm, Borko"]
[Black "Atalik, Suat"]
[Result "1/2-1/2"]
[WhiteElo "2400"]
[BlackElo "2572"]
[Annotator "Atalik,S"]
[PlyCount "133"]
[EventDate "2016.06.19"]
[EventType "swiss"]
[EventRounds "9"]
[EventCountry "SRB"]
[SourceTitle "CBM 174"]
[Source "ChessBase"]
[SourceDate "2016.09.13"]
[SourceVersion "1"]
[SourceVersionDate "2016.09.13"]
[SourceQuality "1"]

1. c4 e6 2. Nf3 Nf6 3. g3 b6 4. Bg2 Bb7 5. O-O Be7 6. Nc3 O-O 7. Qc2 $6 {
The decision should be made to keep the game} ({in the QID with} 7. d4 Ne4) ({
or with the modern} 7. Re1 d5 8. cxd5 exd5 9. d4 Nbd7 $5 10. Bf4 c5) 7... c5 8.
b3 Nc6 9. Bb2 d5 10. cxd5 exd5 $1 (10... Nxd5 11. Rac1 $14) 11. d4 Nxd4 (11...
cxd4 12. Nb5 Rc8 {is similar.}) 12. Nxd4 cxd4 13. Nb5 Rc8 14. Qd1 Qd7 15. Nxd4
Ba6 16. Qb1 Bc5 17. Qf5 $6 {A bad move rushing into some precarious exchanges.}
(17. Rd1 Rfe8 18. e3 Ne4 $13 {with a tough game ahead.}) 17... Qxf5 18. Nxf5
Bxe2 (18... Rfe8 19. Bxf6 gxf6 20. Rfd1 $15) 19. Rfe1 Rfe8 20. Bxf6 (20. Ne3 d4
$17 (20... Rxe3 $2 21. fxe3 Bxe3+ 22. Kh1 Rc2 23. Bxf6 gxf6 24. Bxd5 $14))
20... gxf6 21. Bxd5 (21. Ne3 d4) 21... Re5 22. Bc4 $6 (22. Ne3 Bxe3 (22... Rxe3
23. fxe3 Bxe3+) 23. Rxe2 Bd4 24. Rxe5 fxe5 25. Rf1 Rc2 26. a4 Kg7 $17 {It is
always a question if such positions are bound to be won.}) 22... Rce8 $2 ({
I misevaluated the position evolving after} 22... Bxc4 $1 23. Rxe5 fxe5 24.
bxc4 Rd8 25. Re1 f6 26. Kf1 (26. Re2 Rd1+ 27. Kg2 Rc1 28. Ne3 Kf7 $17) 26...
Rd3 27. Ne3 Kf7 28. Re2 Ke6 $17) 23. Bxe2 $1 Rxf5 24. Bd3 $1 Rxe1+ 25. Rxe1 Rf3
(25... Rxf2 26. b4 Re2+ (26... Bd4 27. Re4) 27. Kf1 Rxe1+ 28. Kxe1 Bxb4+ $11 {
should also be a draw.}) 26. Re8+ Kg7 27. Be2 Rxf2 28. Kh1 f5 (28... h5 29. a4
h4 30. gxh4 f5 31. Bc4 f4 32. Re2 Rf3 33. Kg2 Rc3 34. Re5 $1 f3+ 35. Kh3 $15)
29. a4 a5 {Not taking my only chance!} (29... f4 $142 30. gxf4 Rxf4 31. Kg2 $15
) 30. Bc4 f4 31. Re2 Rf1+ 32. Kg2 Rg1+ 33. Kf3 fxg3 34. Rg2 $5 (34. hxg3 Bd6)
34... Rxg2 35. Kxg2 gxh2 36. Kxh2 $11 {In spite of two extra pawns White
easily holds his terrain here.} f5 37. Kg3 Kg6 38. Kf3 Kg5 39. Bf1 Bd6 40. Bg2
h5 41. Bf1 h4 42. Bh3 Kf6 43. Ke3 Ke5 44. Kf3 Bb4 45. Bf1 Be1 46. Bh3 Bg3 47.
Bf1 f4 48. Bh3 Kd5 49. Bg4 Kd4 50. Be6 Kd3 51. Bf5+ Kc3 52. Be6 Kc2 (52... h3
53. Bxh3 Kxb3 54. Bd7 $11 {is another draw.}) 53. Kg2 Kd2 54. Kf3 Ke1 55. Bh3
Bh2 56. Bg4 Kf1 57. Bh3+ Kg1 58. Bg4 Bg3 59. Bh3 Kh2 60. Be6 Kg1 (60... h3 61.
Bd7 $11) 61. Bh3 Bh2 62. Ke2 Bg3 63. Kf3 Kh2 64. Be6 h3 65. Bf5 Be1 66. Be6 Bb4
67. Bf5 1/2-1/2

[Event "Berkeley East Bay CC"]
[Site "Berkeley"]
[Date "2005.04.04"]
[Round "8"]
[White "Yermolinsky, Alex"]
[Black "Atalik, Suat"]
[Result "1/2-1/2"]
[WhiteElo "2570"]
[BlackElo "2560"]
[Annotator "Atalik,S"]
[PlyCount "78"]
[EventDate "2005.03.29"]
[EventType "tourn"]
[EventRounds "10"]
[EventCountry "USA"]
[EventCategory "9"]
[SourceTitle "CBM 107"]
[Source "ChessBase"]
[SourceDate "2005.08.01"]
[SourceVersion "1"]
[SourceVersionDate "2005.08.01"]
[SourceQuality "1"]

1. Nf3 Nf6 2. c4 e6 3. Nc3 d5 4. d4 c5 {I have stuck to my latest gun for this
encounter: Semi-Tarrasch.} 5. cxd5 Nxd5 6. g3 $5 {This was my choice with
white many times with white as well.} Nxc3 $5 7. bxc3 b6 {An idea of Ruban but
not Evgeny Ruban the one who was jailed because of having an intercourse with
a soldier in broad day light in a park in Leningrad but Siberian Vadim Ruban
the one who quitted chess and started to sell frozen fish in a truck thus
became a businessman.} 8. Bg2 Bb7 9. O-O Be7 10. Re1 Be4 $1 $146 {Tempi is not
important in this opening. Black has to collide with white's plans to build up
the center.} (10... O-O 11. e4 $16 {theoretically favors white.}) 11. Ne5 Bxg2
12. Kxg2 O-O 13. e4 {The natural move.} (13. Qd3 cxd4 14. Qf3 (14. cxd4 Qd5+
15. e4 Qb7 16. Bb2 Nd7 $11) 14... Qd5 15. Qxd5 exd5 16. cxd4 f6 17. Nd3 Nc6
$132) 13... Bf6 $8 14. Ng4 $1 {This poses problems for black. I have become
very nervous at this stage of the game. If white succeeds in expanding his
center black will be gone.} (14. f4 Bxe5 15. fxe5 Nc6 16. Be3 cxd4 ({or by
this way} 16... Qd7 17. Qg4 cxd4 18. cxd4 f6 19. exf6 Rxf6 $11) 17. cxd4 Qd7 (
17... f5 18. exf6 Qxf6 19. Rc1 Qg6 20. Qd3 Rac8 $132) 18. Qg4 f6 19. exf6 Rxf6
$11) 14... cxd4 ({I had a very serious alternative but over the board I could
not judge the consequences.} 14... Nc6 $5 15. Qf3 h5 (15... cxd4 16. e5 Bg5 17.
Qxc6 Bxc1 18. Raxc1 h5 19. Nh6+ gxh6 20. Rcd1 Qc8 21. Qf3 (21. Qxc8 Rfxc8 22.
cxd4 Rc2 $11) 21... dxc3 22. Qxh5 Qc6+ 23. Kh3 Kg7 24. Rd4 f5 25. exf6+ Rxf6
$13) 16. Nxf6+ Qxf6 17. Qxf6 gxf6 18. d5 Na5 19. dxe6 fxe6 20. e5 f5 21. Bg5
Nc4 22. Rad1 Rf7 23. f4 b5 $132) 15. Ba3 (15. Qf3 $2 Be7 16. e5 Na6 $17) (15.
Nxf6+ Qxf6 16. e5 Qe7 17. Qf3 Qd7 (17... Na6 18. cxd4 Rfd8 $1 (18... Rad8 19.
Ba3 Nb4 20. Rab1 a5 21. Red1 Rd5 22. Qb3 Qb7 23. Kg1 Ra8 24. Bxb4 axb4 25. Qxb4
Rxa2 26. Qxb6 Qxb6 27. Rxb6 h5 $16) 19. Ba3 Nb4 20. Rab1 a5 $132)) 15... Be7 $8
(15... Re8 $6 16. Nxf6+ $2 (16. Qf3 $2 Nc6 17. e5 Be7 $17) 16... Qxf6 17. cxd4
(17. e5 Qf5 18. cxd4 Nc6 19. Rc1 Ne7) 17... Nc6 18. d5 exd5 19. exd5 Rxe1 20.
Qxe1 Nd4 21. Qe4 Nc2 22. d6 $3 $18) 16. Bxe7 Qxe7 17. cxd4 {After a couple of
obvious moves black has to come up with a serious plan and calculation since
white is about to advance in the center.} Rd8 $1 (17... Nc6 $2 18. d5 Rfd8 19.
Rc1 Rac8 20. Nh6+ (20. Rxc6 $5 Rxc6 21. dxc6 Rxd1 22. Rxd1 f6 23. Rc1 Qc7 24.
Ne3 Kf7 25. f4 Ke8 26. Kf3 (26. f5 exf5 27. Nxf5 (27. Nd5 $2 Qe5 $19) 27... Kd8
$17) 26... Kd8 $17 {does not look scary for black!}) 20... gxh6 (20... Kf8 21.
Qc2) 21. Qg4+ Kh8 (21... Qg5 $2 22. Qxg5+ hxg5 23. Rxc6 exd5 24. exd5 Rxc6 (
24... Kg7 25. Kf3) 25. dxc6 Kf8 26. Kf3 Rc8 27. Rc1 Ke7 28. Kg4 Kd6 29. Kxg5
Rxc6 30. Rxc6+ Kxc6 31. Kh6 $18) 22. Rxc6 Rxc6 23. dxc6 Rc8 24. Rc1 Qd6 25. Qf3
$1 $18) 18. d5 exd5 (18... Qb7 $6 19. Qf3 Na6 20. Ne3 Nc5 21. Rad1 $16) (18...
Na6 19. Qf3 Nb4 20. Ne3 Rac8 21. Re2 Rc3 22. Rd1 Rdc8 23. Qg4 $1 $13) 19. exd5
Qd6 {By this natural plan black still hides on which square he will deploy the
knight.} 20. Qf3 {This may not be the best.} ({I was worried about} 20. Ne3 $5
g6 21. Nc4 Qf6 22. d6 Nc6 23. Qd5 b5 $1 (23... Nb4 $2 24. Qe4 (24. Qd2 b5)
24... b5 25. Na5 $16) 24. Qxc6 bxc4 $11) (20. Rc1 $142 $1 Na6 (20... Nd7 $6 21.
Rc6 Qb4 22. Re3 $16) 21. Qf3 Nc5 $1 $14 (21... Nb4 22. Rcd1 Nxa2 23. Ne5 Rf8
24. Nc6 $44)) 20... Nd7 21. Rad1 b5 $1 $11 {So black has survived the first
wave of attack!} 22. Rd4 $1 {Now comes the second!} h5 $5 {Alex finds this
unnecessary and most likely he is right! During the game I was happy by
cutting out c4, f5 and g4 squares for white's knight.} (22... Re8 23. Rxe8+
Rxe8 24. Ne3 g6 $11) 23. Ne3 g6 24. Qe2 {Typical for Alex, he is getting
prepared for a kingside attack I was concerned about the other flank.} (24. a4
a6 25. Rb1 Rab8 26. axb5 (26. Rdb4 $2 bxa4) 26... Rxb5 $1 (26... axb5 $2 27.
Rdb4 $18 {loses a pawn!}) 27. Nc4 Qf6 $11) 24... a6 25. g4 Nf6 26. h3 (26. gxh5
Nxh5 (26... Qe5 27. Qd1 Nxh5 28. Ng4 Qd6 29. Qf3 $40) 27. Qg4 Qe5 $13 ({
Alex prefers} 27... Re8 28. Nf5 Qf6 29. Rxe8+ Rxe8 30. Ng3 Nxg3 31. hxg3 Qd6
$11)) 26... Rac8 (26... Re8 $6 27. Qf3 Qe5 28. Rdd1 $40) 27. Qf3 {This is
another critical position in the game. After spending a lot of time I have
thought that in the coming endgame I would be better.} Rc3 $5 (27... Rc7 28.
gxh5 Nxh5 (28... Qe5 29. d6 Rxd6 30. Rxd6 Qxd6 31. hxg6 fxg6 $13) 29. Nf5 Qf6 (
29... gxf5 30. Qxh5 Qg6+ 31. Qxg6+ fxg6 32. Re6 Kf7 33. Rxa6 Rc5 34. Ra5 Rcxd5
35. Rxd5 Rxd5 36. a4 Rd4 37. axb5 Rb4 38. Ra7+ Kf6 39. Rb7 g5 $11) 30. d6 Rcd7
31. Ne7+ Kg7 32. Red1 Qxf3+ 33. Kxf3 Nf6 34. Nc6 Re8 $14) (27... Rc5 $142 $1 {
I have failed to appreciate this one.} 28. Red1 (28. Rf4 hxg4 29. hxg4 Nxd5 30.
Rxf7 Rc7 31. Rxc7 Nf4+ 32. Kg1 Qxc7 $40) 28... Rd7 29. gxh5 Nxh5 30. Nf5 Qe5
$40 (30... gxf5 31. Qxh5 Qg6+ 32. Qxg6+ fxg6 $11)) (27... Rd7 28. gxh5 Nxh5 29.
Nf5 gxf5 30. Qxh5 Qg6+ 31. Qxg6+ fxg6 32. Re6 Kf7 33. Rxa6 Rc5 34. Ra5 Rcxd5
35. Rxd5 Rxd5 36. a4 Rd4 37. axb5 Rb4 $11) 28. Rf4 $1 {Here Alex has
overcalculated me.I have thought that this one was a mistake.} hxg4 29. hxg4
Nxd5 ({An alternative was} 29... Nh7 $5 30. Rxf7 Rxe3 31. Rxe3 Ng5 32. Rf6 Nxf3
33. Rxd6 Nh4+ 34. Kg3 Rxd6 35. Kxh4 Rxd5 36. Re6 g5+ 37. Kh5 a5 38. Kg6 Kf8 39.
a3 b4 40. axb4 axb4 41. Rb6 Rd2 42. f3 Rd3 43. Rxb4 Rxf3 $11) 30. Qxd5 Qxd5+
31. Nxd5 Rxd5 32. Re8+ Kg7 33. Re7 Kh6 34. Rfxf7 {After this one I have
stopped.} Rd6 $5 {After I have beaten the first panick I have realised that I
can even play this ending without losing a damn pawn!} (34... Rd2 {was the
move I was intended to play.} 35. Re6 $1 {Then I have noticed that things are
not simple after this move.} Kg5 36. Rg7 (36. Rxa6 Rc4 (36... Rb2 37. Rg7 Kxg4
38. Rgxg6+ Kf4 $11) (36... b4 37. Rg7 Kxg4 38. Rgxg6+ Kf4 39. Rgf6+ Kg5 40.
Rg6+ Kf4 $11) 37. Kf3 (37. Rff6 Rxg4+ 38. Kf3 Kh5 $11) 37... Rxg4 38. Ke3 Rgd4
39. f4+ Kh6 $11) 36... Kxg4 37. Rexg6+ Kf4 38. Rxa6 b4 39. Rf7+ Ke5 $11 {
should draw.}) 35. f3 g5 $6 {Not the most exact but still draws.} (35... Rd1 $1
{is even stronger.} 36. Re6 (36. Re5 Rc2+ 37. Kg3 Rg1+ 38. Kh3 $11 (38. Kf4 $2
{white does not deliver a checkmate after this} Rxa2 39. g5+ Rxg5 40. Rxg5 Ra4+
$19)) 36... Rc2+ 37. Kg3 Rxa2 (37... Rg1+ 38. Kh3 $11 (38. Kf4 Rxa2)) 38. g5+
Kxg5 39. f4+ Kh6 40. Ree7 Rd3+ 41. Kh4 Rh2+ 42. Kg4 Rg2+ $11) 36. Kg3 $6 {
After the game Alex was very angery with himself he thought he had missed a
win.} (36. Rh7+ $1 {Indeed this is much stronger with the king on g2.} Kg6 37.
Rhg7+ Kh6 $1 38. Rg8 {Now black has to be careful but white's attacking forces
are not enough to deliver the desired result.} Rc5 $5 $11 {and white can not
improve his position.} (38... Rc2+ 39. Kg3 Rxa2 40. Reg7 Rd5 41. Rg6+ Kh7 42.
R8g7+ (42. Rxg5 $2 Rxg5 43. Rxg5 b4 $11) 42... Kh8 43. Rb7 $1 (43. Rxg5 $2 Rxg5
44. Rxg5 b4 45. Re5 (45. Rg6 Ra5) 45... b3 46. Re8+ Kg7 47. Rb8 b2 $11 {
is not dangerous for black.}) 43... b4 $1 44. Rc6 Rad2 45. Rxb4 Rd6 46. Rc7 Rd7
$11) (38... Rc1 39. Kg3 Rg1+ 40. Kf2 Rgd1 41. Re5 R6d2+ 42. Ke3 Re1+ 43. Kxd2
Rxe5 44. Ra8 Re6 $11 {leads also a draw!}) (38... Rf6 $2 39. Re1 $3 $18 {
is the point!})) 36... Ra3 37. Rh7+ Kg6 38. Rhg7+ Kh6 39. Rg8 Rf6 $1 {End of a
hard fought game.} (39... Rxa2 $2 40. Reg7 Rd8 41. Rg6+ Kh7 42. R8g7+ Kh8 43.
Rb7 $16) (39... Rf6 $1 40. Rh8+ Kg6 41. Rg8+ Kh6 $11) 1/2-1/2

[Event "Vojvodina-ch 6th"]
[Site "Novi Sad"]
[Date "2015.07.29"]
[Round "7"]
[White "Atalik, Suat"]
[Black "Nadj Hedjesi, Balind"]
[Result "1-0"]
[WhiteElo "2564"]
[BlackElo "2410"]
[Annotator "Atalik,S"]
[PlyCount "84"]
[EventDate "2015.07.25"]
[EventType "swiss"]
[EventRounds "9"]
[EventCountry "YUG"]
[SourceTitle "EXT 2016"]
[Source "ChessBase"]
[SourceDate "2015.10.08"]
[SourceVersion "1"]
[SourceVersionDate "2015.10.08"]
[SourceQuality "1"]

1. Nf3 b6 $5 {Sort of brave!} 2. g3 {I wanted the game to be kept in between
the lines of my preparation.} ({I did not feel for} 2. e4 Bb7 3. Nc3 e6 4. d4
Bb4 5. Bd3 Nf6 6. Qe2 d5 $132) 2... Bb7 3. Bg2 Nf6 4. O-O c5 5. c4 e6 (5... g6
6. Nc3 Bg7 7. d4 cxd4 8. Qxd4 d6 9. Rd1 Nbd7 10. Be3 Rc8 11. Rac1 O-O 12. Qh4 {
is my game with Pantsulaia from Istanbul Open 2008.}) 6. Nc3 a6 $5 (6... Be7 7.
Re1 d5 8. cxd5 Nxd5 (8... exd5 9. d4 O-O 10. dxc5 (10. Be3 Na6 11. Ne5 Nc7 $13)
10... bxc5 11. Nh4 Qd7 12. e4 $13) 9. d4 Nxc3 10. bxc3 Be4 $14 {is my game
with Alex from Berkley 2005.}) 7. Re1 Be7 8. e4 d6 9. d4 cxd4 10. Nxd4 Ra7 $5 {
A strange and at the same time provocative move.} 11. f4 (11. Ndb5 axb5 12.
Nxb5 Ra6 13. e5 Bxg2 14. exf6 Bxf6 15. Kxg2 O-O 16. Nxd6 Nc6 $44 {does not
seem to be convincing.}) 11... O-O (11... Nbd7 $2 12. e5) 12. f5 $1 {This is
the most important achievement for me in this type of structure.} e5 13. Nb3 $5
{Connected with the next stage of my plan namely Nd5, I have chosen Nb3.} (13.
Nc2 Qc7 14. Nd5 Nxd5 15. cxd5 Nd7 {nad I am not happy with Nc2!}) 13... Nbd7 (
13... Qc7 14. Nd5 Nxd5 15. cxd5 {and the knight is better placed on b3 than on
c2.}) 14. Be3 Qa8 (14... Ra8 {looked like the most normal approach.} 15. Nd2
$14) 15. Nd5 Bxd5 16. cxd5 Rc7 17. Qe2 Nc5 (17... Rfc8 18. Rac1 Rxc1 19. Nxc1
$14) 18. Rac1 (18. Bxc5 dxc5 $1 {and the queenside pawns are ready to roll.} (
18... bxc5 $6 19. Na5)) 18... a5 19. Nd2 Rfc8 (19... b5 $2 20. a4 $3 bxa4 21.
Rxc5 $3 dxc5 22. Nc4 Qa6 23. Nxe5 {with a positional crunch.} Qxe2 24. Rxe2 a3
25. bxa3 c4 26. Nc6 Bxa3 27. e5 Nd7 28. Rc2 $16) 20. Bf3 b5 21. b3 $1 (21. Qxb5
$2 Rb7 22. Qc4 Rxb2 23. Nb3 Nfd7 $13) (21. Kg2 $4 Nd3) 21... Qb7 22. h4 Nfd7
23. Qf1 Bd8 $6 {Draw offer.} (23... Na6 $1 24. Nb1 $14 (24. Rxc7 Rxc7 25. Be2
Nb4 $1 26. Bxb5 Nf6 27. Bd3 Rc3 $40)) 24. Be2 $1 Nf6 $5 (24... Rb8 25. Kg2 $16
{and after a further Kh3,White's monarch supports g4-g5.}) 25. Bxb5 Ng4 (25...
Nfxe4 $2 26. Nxe4 Nxe4 27. Ba6) (25... Ncxe4 $2 26. Nxe4 Nxe4 27. Ba6) 26. Bf2
$3 (26. Kg2 $2 Nd3) (26. Bc6 Nxe3 27. Rxe3 Qa7 28. Kg2 Na6 29. Nc4 Nb4 $132)
26... Nxf2 27. Kxf2 $16 {White cashed a pawn for good but the position still
requires exactitude in every move.} g6 $1 (27... Nxe4+ $2 28. Nxe4 Rxc1 29.
Rxc1 Rxc1 30. Qxc1 Qxb5 31. Qc8 $1 (31. Qc6 $2 Bb6+ 32. Ke1 Qb4+ 33. Kf1 h6)
31... Qb6+ 32. Kf3 Kf8 33. g4 $18) (27... Qa7 28. Kg2 $16) 28. fxg6 (28. Bc6
$142) 28... fxg6 $1 29. Kg2 g5 $2 {This makes things worse for Black.} (29...
Rf7 30. Qe2 Be7 31. Rf1 Rcf8 32. Rxf7 Rxf7 33. a3 $1 $16) 30. h5 g4 31. Bc6 $2
({We both missed} 31. Rxc5 $1 Rxc5 32. Ba6 $18) 31... Qb4 32. Qe2 Bg5 33. Red1
Bxd2 34. Rc4 $1 {Intermezzo!} Qb8 $2 $138 ({He had} 34... Qb6 $1 35. Qxg4+ Kh8
36. Rxd2 Rf8 $44 {with amazing compensation due to the control of both the f-
and g-lines at the same time.} 37. h6 Rcf7 38. Qe2 Qd8 39. Rxc5 dxc5 40. d6 Qg5
41. Rd3 Rf6 42. Bb5 Qxh6 43. d7 Rd6 44. Rxd6 Qxd6 45. Qh5 Qd4 46. Kh3 Qxe4 47.
Bc6 $11) 35. Qxd2 Rf8 36. Rxc5 $1 $18 {Now it is all gone.} dxc5 37. d6 Rg7 38.
h6 Rg6 39. Qd5+ Kh8 40. Qxe5+ Rff6 (40... Rgf6 41. Rf1 Qd8 42. d7 $18) 41. Rd5
(41. Qc3 $5) 41... Kg8 42. Qe8+ $5 {The safest!} (42. d7 Qf8 43. Rd2 $18) 42...
Rf8 $138 {He lost on time but nevertheless White is easily winning.} (42...
Qxe8 43. Bxe8 Rxd6 44. Bxg6 Rxg6 45. Rxc5 Rxh6 46. Rxa5 Rc6 47. Rg5+ Kf7 48.
Rxg4 Rc2+ 49. Kf3 Rxa2 50. Rg5 $18) (42... Rf8 43. d7 Rgf6 (43... Qd8 44. Rf5)
44. Rd2 $18) 1-0